000 00618nam a22002297a 4500
001 50953
003 UA-OsUOA
005 20220513121012.0
007 ta
008 20071128b un ||||| |||| 00| 0 ukr d
040 _aUA-OsUOA
_bukr
_cUA-OsUOA
_dUA-OsUOA
041 _aukr
080 _a82.09(091)(477)
090 _a82.09(091)(477)
_bЦ56
100 _aЦибаньова-Стеценко О.
245 _aПромінь забутої слави
260 _aК.
_c2004
300 _a343 с.
650 7 _a82 Література. Літературознавство
_2UDC
942 _cBK
_2udc
955 _a3
999 _c337054
_d337054